Chelsea UEFA Champions League Players - Statistics

General Stats
  • This quiz has been taken 273 times
    103 since last reset
  • The average score is 73 of 167
Answer Stats
The Blues % Correct
Didier Drogba
92%
Petr Čech
89%
John Terry
87%
Thiago Silva
87%
Demba Ba
86%
Eden Hazard
86%
Édouard Mendy
86%
Ashley Cole
84%
Kai Havertz
84%
N’Golo Kanté
84%
Carlton Cole
83%
Joe Cole
83%
Mason Mount
81%
Reece James
81%
Frank Lampard
79%
Antonio Rüdiger
78%
César Azpilicueta
78%
David Luiz
78%
Kepa Arrizabalaga
78%
Thibaut Courtois
78%
Timo Werner
78%
Gary Cahill
75%
Jorginho
73%
Willian
73%
Cesc Fàbregas
71%
Marcos Alonso
71%
Michael Ballack
71%
Nicolas Anelka
71%
Romelu Lukaku
71%
Diego Costa
70%
Oscar
70%
Gianfranco Zola
68%
Michael Essien
68%
Álvaro Morata
67%
Arjen Robben
67%
Ben Chilwell
67%
Tammy Abraham
67%
Kevin De Bruyne
65%
Branislav Ivanović
63%
Fernando Torres
63%
Ramires
63%
Andreas Christensen
62%
Christian Pulisic
62%
Juan Mata
62%
Andriy Shevchenko
60%
Mohamed Salah
60%
Pedro
60%
Ruben Loftus-Cheek
60%
Florent Malouda
59%
Mateo Kovačić
59%
Ricardo Carvalho
59%
Samuel Eto'o
59%
Claude Makélélé
57%
Salomon Kalou
57%
Enzo Fernández
56%
Filipe Luís
56%
José Bosingwa
56%
Victor Moses
56%
André Schürrle
54%
Fikayo Tomori
54%
Kurt Zouma
54%
Nemanja Matić
54%
John Obi Mikel
52%
Olivier Giroud
52%
Daniel Sturridge
51%
Hakim Ziyech
51%
Marc Cucurella
51%
Deco
49%
Eiður Guðjohnsen
48%
Hernán Crespo
48%
Alex
46%
Callum Hudson-Odoi
46%
Damien Duff
46%
Kalidou Koulibaly
46%
Danny Drinkwater
44%
Davide Zappacosta
44%
Paulo Ferreira
44%
Ryan Bertrand
44%
William Gallas
44%
Jimmy Floyd Hasselbaink
43%
Ross Barkley
43%
Trevor Chalobah
43%
Glen Johnson
41%
João Félix
41%
Marcel Desailly
41%
Mykhailo Mudryk
41%
Michy Batshuayi
40%
Raúl Meireles
40%
Yuriy Zhirkov
40%
Emerson Palmieri
38%
Juan Cuadrado
38%
Pierre-Emerick Aubameyang
38%
Roberto Di Matteo
38%
Shaun Wright-Phillips
38%
Wesley Fofana
38%
Carlo Cudicini
37%
Nathan Aké
37%
Tiémoué Bakayoko
37%
Wayne Bridge
35%
Willy Caballero
35%
Asmir Begović
33%
Emmanuel Petit
33%
Frank Leboeuf
33%
Loïc Rémy
33%
Didier Deschamps
32%
Graeme Le Saux
32%
Robert Huth
32%
Adrian Mutu
30%
Ed de Goey
30%
Yossi Benayoun
30%
Conor Gallagher
29%
Dennis Wise
29%
Gustavo Poyet
29%
Hilário
29%
Juan Sebastián Verón
29%
Lassana Diarra
29%
Tiago Mendes
29%
Tore André Flo
29%
Celestine Babayaro
27%
Kenedy
27%
Marco van Ginkel
27%
Albert Ferrer
25%
Juliano Belletti
25%
Scott Parker
25%
Jesper Grønkjær
24%
Asier del Horno
22%
Baba Rahman
22%
Dan Petrescu
22%
Billy Gilmour
21%
Denis Zakaria
21%
Geremi
21%
Saúl Ñíguez
21%
Bertrand Traoré
19%
Claudio Pizarro
19%
Dominic Solanke
19%
Malang Sarr
19%
Mateja Kežman
19%
Oriol Romeu
19%
Armando Broja
17%
Mario Melchiot
17%
Mark Schwarzer
17%
Chris Sutton
16%
Franco Di Santo
16%
Jody Morris
16%
Khalid Boulahrouz
16%
Jeffrey Bruma
14%
Josh McEachran
14%
Mikael Forssell
14%
Patrick van Aanholt
14%
Ross Turnbull
14%
Samuele Dalla Bona
14%
Steven Sidwell
14%
Tomáš Kalas
14%
Alexey Smertin
13%
Gaël Kakuta
13%
Tal Ben Haim
11%
Tino Anjorin
10%
Fabio Borini
8%
Jes Høgh
8%
Michael Mancienne
8%
Emerson Thome
6%
Gabriele Ambrosetti
6%
Marco Ambrosio
6%
Nuno Morais
6%
Bernard Lambourde
5%
Jon Harley
5%
Jacob Mellis
3%
No matching quizzes found
Score Distribution
Percent of People with Each Score
Percentile by Number Answered
Your Score History
You have not taken this quiz since the last reset